000 00685nam a2200193 a 4500
003 0
005 20250509135633.0
008 970101s19uu xx 00 eng d
050 _aPHS HV 6691
_b.M47 2004
100 _aMesina, Kimmy Zyra V.
245 _aProfiles of the victims of pyramid schemes /
_cKimmy Zyra V. Mesina.
260 _aLas PiƱas City, Philippines :
_bSouthville International School and Colleges,
_c2004.
300 _a45 pages :
_billustrations ;
_c28 cm.
504 _aIncludes bibliographical references.
650 _aPyramid schemes
_xCase studies.
650 _aFraud
_xPsychological aspects.
650 _aVictims of crimes
_zPhilippines.
942 _2lcc
_cPASS
999 _c97138
_d97138